Panjābī qiṣṣe Fārsī zabān meṇ, (Record no. 88805)

MARC details
000 -LEADER
fixed length control field 00777cam a22002531 4500
001 - CONTROL NUMBER
control field sa 68019073
003 - CONTROL NUMBER IDENTIFIER
control field DLC
005 - DATE AND TIME OF LATEST TRANSACTION
control field 20260227112716.0
008 - FIXED-LENGTH DATA ELEMENTS--GENERAL INFORMATION
fixed length control field 890118m19579999pk b 000 0 pan
010 ## - LIBRARY OF CONGRESS CONTROL NUMBER
LC control number sa 68019073
025 ## - OVERSEAS ACQUISITION NUMBER
Overseas acquisition number PL480:P-P13
035 ## - SYSTEM CONTROL NUMBER
System control number (OCoLC)19033484
040 ## - CATALOGING SOURCE
Original cataloging agency DLC
Transcribing agency WaU
Modifying agency WaU
-- OCoLC
-- DLC
042 ## - AUTHENTICATION CODE
Authentication code premarc
050 00 - LIBRARY OF CONGRESS CALL NUMBER
Classification number PK2631
Item number .B3 1957
100 1# - MAIN ENTRY--PERSONAL NAME
Personal name Bāqir, Muḥammad,
Dates associated with a name 1910-
Relator term ed.
245 10 - TITLE STATEMENT
Title Panjābī qiṣṣe Fārsī zabān meṇ,
Statement of responsibility, etc. bi-ihtimām-i Muḥammad Bāqir.
250 ## - EDITION STATEMENT
Edition statement [Bar-i 1]
260 ## - PUBLICATION, DISTRIBUTION, ETC.
Place of publication, distribution, etc. Lāhūr,
Date of publication, distribution, etc. 1957-<1960>
300 ## - PHYSICAL DESCRIPTION
Extent v. <1-2>
Dimensions 25 cm.
440 #0 - SERIES STATEMENT/ADDED ENTRY--TITLE
Title Intishārāt-i Panjābī Adabī Akādimī ;
Volume/sequential designation 1
504 ## - BIBLIOGRAPHY, ETC. NOTE
Bibliography, etc. note Bibliography: v. 1, p. [267]-271.
650 #0 - SUBJECT ADDED ENTRY--TOPICAL TERM
Topical term or geographic name entry element Panjabi language
General subdivision Foreign elements, Persian.

No items available.

Powered by Koha